Представление документа в формате RUSMARC

Поле Инд. ПП Название Значение
Тип записи a
Библиографический уровень a
001 Контрольный номер 09e9ad32c618445982fc1d96f5d9c257
005 Дата корректировки 20190214105028.1
100 a Данные общей обработки 20190214 ||| 0rusy0189 ca
101 0_ a Язык текста rus
102 a Страна публикации RU
200 1_ f Первые сведения об ответственности Ф. Тасалов
a Заглавие Проблемы открытия и ведения специальных счетов участников закупки
b Общее обозначение материала Текст
210 1_ d Дата издания 2019
461 _0 1 2000
a Хозяйство и право
463 _0 1 2000
a № 1
v С. 44-56
1 2101
d 2019
1 001cfb94728502d4ac0aa74c24815e2406b
606 a Основная рубрика Гражданское и торговое право
610 0_ a Ключевые слова КОНТРАКТ
a Ключевые слова ЭЛЕКТРОННАЯ КОММЕРЦИЯ
a Ключевые слова ГОСУДАРСТВЕННЫЕ ЗАКУПКИ
a Ключевые слова БАНКОВСКИЙ СЧЕТ
700 _1 a Фамилия Тасалов
b Имя Ф.
801 _0 a Страна RU
b Организация РГУП
c Дата составления 20190214
g Правила каталогизации PSBO
801 _1 a Страна RU
b Организация РГУП
c Дата составления 20190214
g Правила каталогизации PSBO
901 t Тип документа b
w Контрольный № источника cfb94728502d4ac0aa74c24815e2406b
905 a Дата ввода 20190214